书目信息 |
| 题名: |
比较文学形象学
|
|
| 作者: | 孟华 主编 | |
| 分册: | ||
| 出版信息: | 北京 北京大学出版社 2001 |
|
| 页数: | 282页 | |
| 开本: | 20cm | |
| 丛书名: | 北京大学比较文学研究丛书 | |
| 单 册: | ||
| 中图分类: | I025 | |
| 科图分类: | ||
| 主题词: | 比较文学--形象--文集 , 文学理论--基本问题 | |
| 电子资源: | ||
| ISBN: | 7-301-04733-9 | |
| 000 | 00906nam0 2200277 45 | |
| 001 | 012003007803 | |
| 005 | 20031219104119.4 | |
| 010 | @a7-301-04733-9@dCNY18.00 | |
| 100 | @a20010924d2001 emky0chiy0110 ea | |
| 101 | 1 | @achi@cmul |
| 102 | @aCN@b110000 | |
| 105 | @ay z 001yy | |
| 106 | @ar | |
| 200 | 1 | @a比较文学形象学@9bi jiao wen xue xing xiang xue@f孟华主编 |
| 210 | @a北京@c北京大学出版社@d2001 | |
| 215 | @a282页@d20cm | |
| 225 | 2 | @a北京大学比较文学研究丛书 |
| 330 | @a本书共收入了欧洲大陆比较文学学者13篇论述形象学或进行形象学研究的论文,既有理论和方法的探讨与阐发,也有具体的研究实例。 | |
| 461 | 0 | @12001 @a北京大学比较文学研究丛书 |
| 510 | 1 | @aImagologie en Litterature Comparee@zfre |
| 606 | 0 | @a比较文学@x形象@j文集 |
| 606 | 0 | @a文学理论@x基本问题 |
| 690 | @aI025@v4 | |
| 701 | 0 | @a孟华@9meng hua@4主编 |
| 801 | @aCN@bTSTC@c20031008 | |
| 905 | @b326773-775@dI025@e239@f3 | |
| 比较文学形象学/孟华主编.-北京:北京大学出版社,2001 |
| 282页;20cm.-(北京大学比较文学研究丛书) |
| ISBN 7-301-04733-9:CNY18.00 |
| 本书共收入了欧洲大陆比较文学学者13篇论述形象学或进行形象学研究的论文,既有理论和方法的探讨与阐发,也有具体的研究实例。 |
| ● |
| 相关链接 |
|
|
|
|
正题名:比较文学形象学
索取号:I025/239
 
预约/预借
| 序号 | 登录号 | 条形码 | 馆藏地/架位号 | 状态 | 备注 |
| 1 | 0326773 | 203267730 | 第二借阅区/ [索取号:I025/239] | 在馆 | |
| 2 | 0326774 | 203267749 | 第二借阅区/ [索取号:I025/239] | 在馆 | |
| 3 | 0326775 | 203267758 | 第一样本阅览室/ [索取号:I025/239] | 在馆 |